| 000 | 00778cam a2200253 a 4500 | ||
|---|---|---|---|
| 001 | 16401079 | ||
| 005 | 20130213134218.0 | ||
| 008 | 100812s2012 nyua 001 0 eng | ||
| 020 | _a0071316744 | ||
| 020 | _a9780071316743 | ||
| 082 | 0 | 0 |
_a612 _222 _bTAT |
| 100 | 1 |
_aTate, Philip. _930103 |
|
| 245 | 1 | 0 |
_aSeeley's Principles of Anatomy & Physiology / _cPhillip Tate. |
| 246 | 3 | _aSeeley's principles of anatomy and physiology | |
| 250 | _a2nd ed. | ||
| 260 |
_aNew York : _bMcGraw-Hill, _cc2012. |
||
| 300 |
_axvi, 845, [99] p. : _bill. (some col.) ; _c29 cm. |
||
| 500 | _aIncludes index. | ||
| 541 | _aDonation from Baccah | ||
| 650 | 0 |
_aHuman physiology. _930104 |
|
| 650 | 0 |
_aHuman anatomy. _930105 |
|
| 653 |
_bPharmacy _cJune2012 _cFebruary2013 |
||
| 942 |
_2ddc _cBB |
||
| 999 |
_c16762 _d16762 |
||